000 00550nam a2200193Ia 4500
005 20250508154918.0
008 008 250505s9999 xx 000 0 eng d
037 _aTextual
040 _aFEDL
_beng
_cFEDL
041 _aeng
_2eng
084 _a371.2, KIM
_qFEDL
100 _aKimbrough Ralph B
_9766378
245 0 _aAdministering elementary schools
260 _aNew York, USA
_bThe Macmillan Company
_c1968
300 _axii,428p.
650 _aSchool Administration
942 _cTEXL
_h371.2, KIM
999 _c1352782
_d1352782